| 000 -ლიდერი |
| ფიქსირებული სიგრძის საკონტროლო ველი |
01537nam a22002177a 4500 |
| 003 - საკონტროლო ნომრის იდენტიფიკატორი |
| საკონტროლო ველი |
Ge_BSU |
| 005 - ბოლო ოპერაციის თარიღი და დრო |
| საკონტროლო ველი |
20250610105554.0 |
| 008 - ფიქსირებული სიგრძის მონაცემთა ელემენტები - ზოგადი ინფორმაცია |
| ფიქსირებული სიგრძის საკონტროლო ველი |
250610s2025 ge ||||| |||| 00| 0 geo d |
| 041 ## - ენის კოდი |
| Language code of text/sound track or separate title |
geo |
| 080 ## - უნივერსალური ათობითი კლასიფიკაციის ინდექსი |
| Universal Decimal Classification number |
57 მ-27 |
| 100 ## - მთავარი ჩანაწერი - პიროვნების სახელი |
| Personal name |
მანველიძე, ნინო |
| 9 (RLIN) |
25353 |
| 245 ## - ცნობა სათაურის შესახებ |
| Title |
აღმოსავლურ ნაძვზე (Picea Orientalis L.) გავრცელებული რიგი ხეშეშფრთიანების (Coleoptera) სახეობრივი მრავალფეროვნება მაღალმთიან აჭარაში / |
| Statement of responsibility, etc |
ნინო მანველიძე; სამეცნ. ხელ-ლი : ლალი ჟღენტი, მზაღო ლობჟანიძე; სსიპ "ბათუმის რუსთაველის სახელმწიფო უნივერსიტეტი" |
| 264 ## - წარმოების, გამოცემის, დისტრიბუციის და სხვა ცნობები |
| გამოცემის, წარმოების, დისტრიბუციის... ადგილი |
ბათუმი, |
| გამოცემის, წარმოების, დისტრიბუციის... თარიღი |
2025. |
| 300 ## - ფიზიკური აღწერა |
| Extent |
112 გვ. : |
| Other physical details |
ილ.; |
| Dimensions |
30 გვ. |
| 504 ## - BIBLIOGRAPHY, ETC. NOTE |
| Bibliography, etc |
ბიბლიოგრ. გვ. 97-105 |
| 653 ## - INDEX TERM--UNCONTROLLED |
| Uncontrolled term |
აღმოსავლური ნაძვი აჭარაში |
| 700 ## - ADDED ENTRY--PERSONAL NAME |
| Personal name |
ჟღენტი, ლალი |
| Relator term |
სამეცნიერო ხელ-ლი |
| 9 (RLIN) |
22309 |
| 700 ## - ADDED ENTRY--PERSONAL NAME |
| Personal name |
ლობჟანიძე, მზაღო |
| Relator term |
სამეცნიერო ხელ-ლი |
| 9 (RLIN) |
6589 |
| 710 ## - ADDED ENTRY--CORPORATE NAME |
| Corporate name or jurisdiction name as entry element |
სსიპ "ბათუმის რუსთაველის სახელმწიფო უნივერსიტეტი" |
| 9 (RLIN) |
25354 |
| 942 ## - ADDED ENTRY ELEMENTS (KOHA) |
| Source of classification or shelving scheme |
|
| Koha item type |
დისერტაცია |